000 00169nam a22000857a 4500
082 _a621.381536STA
100 _aStaley James
245 _aModular electronics
942 _cBK
999 _c15252
_d15252